[Event "Minsk Bronstein Memorial op"]
[Site "Minsk"]
[Date "2020.02.23"]
[Round "8"]
[White "Strybuk, Artsiom I"]
[Black "Kolosovskaya, Olga"]
[Result "1-0"]
[WhiteElo "2198"]
[BlackElo "1719"]
[PlyCount "49"]
[EventDate "2020.02.22"]
[EventType "swiss (rapid)"]
[EventRounds "10"]
[EventCountry "BLR"]
[SourceTitle "CBM 195 Extra"]
[Source "ChessBase"]
[SourceDate "2020.05.31"]
[SourceVersion "1"]
[SourceVersionDate "2020.05.31"]
[SourceQuality "1"]

1. d4 d5 2. c4 c6 3. Nf3 Nf6 4. e3 Bf5 5. Nc3 a6 6. Ne5 e6 7. g4 Bg6 8. h4 h6 9. Nxg6 fxg6 10. Bd3 dxc4 11. Bxc4 Nd5 12. Qd3 Qf6 13. Bd2 Bb4 14. 0-0-0 Bxc3 15. bxc3 Nd7 16. Bb3 0-0-0 17. f4 g5 18. c4 N5b6 19. hxg5 hxg5 20. fxg5 Qxg5 21. Qe4 Rxh1 22. Rxh1 Qe7 23. Kc2 Nf6 24. Qg6 Qd7 25. Ba5 1-0

[Event "BLR-chB (Women)"]
[Site "Minsk"]
[Date "2020.01.31"]
[Round "6"]
[White "Kolosovskaya, Olga"]
[Black "Sukalina, Alina"]
[Result "1/2-1/2"]
[WhiteElo "1719"]
[BlackElo "1622"]
[PlyCount "114"]
[EventDate "2020.01.26"]
[EventType "swiss"]
[EventRounds "9"]
[EventCountry "BLR"]
[SourceTitle "CBM 194 Extra"]
[Source "ChessBase"]
[SourceDate "2020.03.31"]
[SourceVersion "1"]
[SourceVersionDate "2020.03.31"]
[SourceQuality "1"]

1. e3 Nf6 2. c4 e6 3. Nf3 d5 4. cxd5 exd5 5. Be2 Bd6 6. Nc3 c6 7. 0-0 0-0 8. d3 Re8 9. b3 h6 10. Bb2 Bf5 11. Rc1 a5 12. Na4 Na6 13. Nc3 Bh7 14. Kh1 b5 15. h3 Qd7 16. Rg1 c5 17. a4 bxa4 18. bxa4 Nc7 19. Qf1 Rab8 20. Ba1 Rb4 21. d4 c4 22. Ne5 Bxe5 23. dxe5 Rxe5 24. Na2 Re6 25. Nxb4 axb4 26. Bxf6 Rxf6 27. Bxc4 Be4 28. f3 dxc4 29. Qxc4 Rxf3 30. Rgd1 Rxh3+ 31. Kg1 Qg4 32. Rd2 Rg3 33. Qa2 Nd5 34. Rf1 Rxg2+ 35. Rxg2 Qxg2+ 36. Qxg2 Bxg2 37. Rc1 Be4 38. Rc8+ Kh7 39. Kf2 b3 40. Rb8 Bc2 41. a5 Nc7 42. Ke2 h5 43. Kd2 f6 44. Rb7 Na6 45. Rb5 Kg6 46. e4 Bxe4 47. Rxb3 Kf5 48. Ke3 Nc7 49. a6 Nxa6 50. Rb5+ Kg4 51. Kxe4 h4 52. Rb1 f5+ 53. Ke5 f4 54. Rg1+ Kf3 55. Rxg7 Nc5 56. Rh7 Nd3+ 57. Kd4 Nf2 1/2-1/2

[Event "BLR-chB (Women)"]
[Site "Minsk"]
[Date "2020.01.28"]
[Round "3"]
[White "Kolosovskaya, Olga"]
[Black "Zeliantsova, Kseniya"]
[Result "0-1"]
[WhiteElo "1719"]
[BlackElo "1993"]
[PlyCount "132"]
[EventDate "2020.01.26"]
[EventType "swiss"]
[EventRounds "9"]
[EventCountry "BLR"]
[SourceTitle "CBM 194 Extra"]
[Source "ChessBase"]
[SourceDate "2020.03.31"]
[SourceVersion "1"]
[SourceVersionDate "2020.03.31"]
[SourceQuality "1"]

1. b3 e5 2. Bb2 Nc6 3. c4 g6 4. Nc3 Bg7 5. g3 Nf6 6. Bg2 0-0 7. Nf3 d6 8. 0-0 Nh5 9. d3 f5 10. Qd2 h6 11. Nd5 Be6 12. Nh4 Kh7 13. Nf3 Ne7 14. Nxe7 Qxe7 15. e3 c6 16. Qc2 Kh8 17. c5 Rae8 18. cxd6 Qxd6 19. d4 e4 20. Ne5 Kh7 21. Nc4 Qc7 22. Ba3 Rg8 23. Rac1 Bd5 24. Bb2 Bf6 25. Rfd1 Ng7 26. Bf1 Ne6 27. Nd2 Rd8 28. Nc4 Ng5 29. Bg2 Qd7 30. Ne5 Qe6 31. Nc4 Rge8 32. Nd2 f4 33. gxf4 Nf3+ 34. Bxf3 exf3 35. Kh1 Bh4 36. Rf1 Rd6 37. Nc4 Be4 38. Qxe4 Qxe4 39. Nxd6 Qe6 40. Nxe8 Qh3 41. Rg1 Bxf2 42. d5 Bxg1 43. Rxg1 cxd5 44. Nf6+ Kg7 45. Ng4+ Kf7 46. Nf2 Qf5 47. Rc1 g5 48. Be5 gxf4 49. exf4 Ke6 50. h3 Qg6 51. Rg1 Qc2 52. Bd4 b6 53. Re1+ Kd7 54. Kh2 Qd2 55. Rd1 Qxf4+ 56. Kh1 h5 57. a4 Qg5 58. Rg1 Qd2 59. Rd1 Qc2 60. a5 Qxb3 61. axb6 axb6 62. Rd3 Qb4 63. Bc3 Qf4 64. Kg1 Qg3+ 65. Kf1 Qg2+ 66. Ke1 Qg1+ 0-1

[Event "Minsk Kupreichik Memorial rapid"]
[Site "Minsk"]
[Date "2019.08.15"]
[Round "3"]
[White "Kolosovskaya, Olga"]
[Black "Kalinin, Dmitry2222"]
[Result "1-0"]
[WhiteElo "1719"]
[BlackElo "1995"]
[PlyCount "96"]
[EventDate "2019.08.15"]
[EventType "swiss (rapid)"]
[EventRounds "10"]
[EventCountry "BLR"]
[SourceTitle "CBM 191 Extra"]
[Source "ChessBase"]
[SourceDate "2019.09.30"]
[SourceVersion "1"]
[SourceVersionDate "2019.09.30"]
[SourceQuality "1"]

1. d4 Nf6 2. c4 e6 3. g3 d5 4. Nf3 Be7 5. Bg2 0-0 6. 0-0 Nc6 7. b3 a6 8. Nc3 Rb8 9. e3 b5 10. cxd5 exd5 11. Bb2 Bd6 12. Rc1 Ne7 13. Nd2 Re8 14. e4 dxe4 15. Ndxe4 Nxe4 16. Nxe4 Bb7 17. Nc5 Bxg2 18. Kxg2 Nd5 19. Qf3 Nb6 20. Nxa6 Ra8 21. Qb7 Qc8 22. Nc5 Rxa2 23. Qxc8 Rxc8 24. Nd3 Nd5 25. Ra1 Rxa1 26. Rxa1 Kf8 27. Ra5 Rb8 28. Kf3 Ke7 29. Ra1 Kd7 30. Ra5 Kc6 31. Ra1 Kb6 32. Rc1 Ra8 33. Nc5 Ra2 34. Nd3 c6 35. Ra1 Rxa1 36. Bxa1 Ka5 37. h4 Kb6 38. Bb2 Nf6 39. Bc1 c5 40. dxc5+ Bxc5 41. Bb2 Be7 42. Ne5 Kc7 43. Nxf7 Kd7 44. Bxf6 Bxf6 45. Ng5 h6 46. Ne4 Bb2 47. Ke3 Ke6 48. Kd3 Kd5 1-0

[Event "Minsk Kupreichik Memorial rapid"]
[Site "Minsk"]
[Date "2019.08.15"]
[Round "1"]
[White "Kolosovskaya, Olga"]
[Black "Mikhailovsky, Vladimir"]
[Result "0-1"]
[WhiteElo "1719"]
[BlackElo "2209"]
[PlyCount "50"]
[EventDate "2019.08.15"]
[EventType "swiss (rapid)"]
[EventRounds "10"]
[EventCountry "BLR"]
[SourceTitle "CBM 191 Extra"]
[Source "ChessBase"]
[SourceDate "2019.09.30"]
[SourceVersion "1"]
[SourceVersionDate "2019.09.30"]
[SourceQuality "1"]

1. e4 e5 2. Nf3 d5 3. d3 Nc6 4. Be2 Nf6 5. exd5 Nxd5 6. 0-0 Be7 7. Nc3 Be6 8. Nxd5 Bxd5 9. c4 Be6 10. a3 g5 11. b4 g4 12. Nd2 h5 13. Nb3 Qd7 14. Bb2 0-0-0 15. b5 Nd4 16. Nxd4 exd4 17. Qa4 Bc5 18. Rfe1 h4 19. Bf1 g3 20. fxg3 hxg3 21. hxg3 Qd6 22. Re4 Qxg3 23. Rae1 Rh6 24. Bc1 Rf6 25. Qc2 Bd6 0-1

[Event "Minsk Kupreichik Memorial op"]
[Site "Minsk"]
[Date "2018.06.23"]
[Round "9"]
[White "Artsiomau, Stanislau"]
[Black "Kolosovskaya, Olga"]
[Result "1-0"]
[WhiteElo "1886"]
[BlackElo "1900"]
[PlyCount "53"]
[EventDate "2018.06.21"]
[EventType "swiss (rapid)"]
[EventRounds "11"]
[EventCountry "BLR"]
[SourceTitle "CBM 185 Extra"]
[Source "ChessBase"]
[SourceDate "2018.07.29"]
[SourceVersion "1"]
[SourceVersionDate "2018.07.29"]
[SourceQuality "1"]

1. e4 c5 2. Nf3 e6 3. g3 Nc6 4. Bg2 g6 5. d3 Bg7 6. 0-0 Nge7 7. Re1 d6 8. Nbd2 0-0 9. Nf1 Rb8 10. h4 Nd4 11. Nxd4 cxd4 12. h5 e5 13. Nh2 f5 14. hxg6 hxg6 15. exf5 gxf5 16. Bg5 Qe8 17. f4 Qf7 18. Nf3 Ng6 19. Nd2 Be6 20. Nc4 Bxc4 21. dxc4 e4 22. Qh5 Nh8 23. Qh3 Qxc4 24. Rxe4 fxe4 25. Bxe4 Rbe8 26. Bh7+ Kf7 27. Qd7+ 1-0

[Event "Minsk Kupreichik Memorial op"]
[Site "Minsk"]
[Date "2018.06.22"]
[Round "5"]
[White "Romanovskij, Nikita"]
[Black "Kolosovskaya, Olga"]
[Result "1-0"]
[WhiteElo "1869"]
[BlackElo "1900"]
[PlyCount "43"]
[EventDate "2018.06.21"]
[EventType "swiss (rapid)"]
[EventRounds "11"]
[EventCountry "BLR"]
[SourceTitle "CBM 185 Extra"]
[Source "ChessBase"]
[SourceDate "2018.07.29"]
[SourceVersion "1"]
[SourceVersionDate "2018.07.29"]
[SourceQuality "1"]

1. d4 d5 2. c4 c6 3. Nf3 Nf6 4. e3 Bf5 5. Nc3 e6 6. Qb3 Qb6 7. c5 Qxb3 8. axb3 Be7 9. b4 0-0 10. b5 Nbd7 11. Be2 Be4 12. 0-0 Bxf3 13. Bxf3 e5 14. b4 Rfd8 15. bxc6 bxc6 16. b5 e4 17. Be2 Rdc8 18. bxc6 Rxc6 19. Bd2 Bd8 20. Rfb1 a5 21. Bb5 Re6 22. Bxd7 1-0

[Event "BLR-ch U20 Girls"]
[Site "Rogachev"]
[Date "2018.04.25"]
[Round "2"]
[White "Zeliantsova, Kseniya"]
[Black "Kolosovskaya, Olga"]
[Result "0-1"]
[WhiteElo "1820"]
[BlackElo "1851"]
[PlyCount "88"]
[EventDate "2018.04.24"]
[EventType "tourn"]
[EventRounds "9"]
[EventCountry "BLR"]
[SourceTitle "CBM 184 Extra"]
[Source "ChessBase"]
[SourceDate "2018.06.28"]
[SourceVersion "1"]
[SourceVersionDate "2018.06.28"]
[SourceQuality "1"]

1. e4 c5 2. b3 Nc6 3. Bb2 e5 4. Nc3 Nf6 5. Bc4 d6 6. Nf3 Bg4 7. h3 Bh5 8. Bb5 a6 9. Bxc6+ bxc6 10. Qe2 Bxf3 11. Qxf3 g6 12. 0-0 Bg7 13. Qe3 0-0 14. Ne2 Nh5 15. c3 f5 16. exf5 gxf5 17. d4 cxd4 18. cxd4 e4 19. Rac1 Rc8 20. f3 Qe7 21. fxe4 Qxe4 22. Qxe4 fxe4 23. Rxf8+ Kxf8 24. Ba3 Ke7 25. g4 Nf6 26. Ng3 Ke6 27. Bxd6 Nxg4 28. Bc5 Nf6 29. Re1 Kd5 30. Rf1 Ke6 31. Ne2 Bh6 32. Nc3 Rg8+ 33. Kf2 e3+ 34. Kf3 Rg5 35. Nd1 Rh5 36. Rh1 Rf5+ 37. Ke2 Nd5 38. Rh2 Rh5 39. Ba3 Kf5 40. Bd6 Ke4 41. Rg2 Rxh3 42. Rg8 Bf4 43. Ba3 Rh2+ 44. Ke1 Kf3 0-1